| 000 | 00665 a2200217 4500 | ||
|---|---|---|---|
| 020 | _a0070189994 | ||
| 082 | 0 | 0 | _a621.3815 |
| 090 |
_c5744 _d5744 |
||
| 100 | 1 | _aEdminister, Joseph. | |
| 245 | 1 | 0 |
_aSchaum's outline of theory and problems of electric circuits / _cJoseph A. Edminister, Mahmood Nahvi. |
| 246 | 3 | _aTheory and problems of electric circuits | |
| 250 | _a3rd ed. | ||
| 260 |
_aNew York : _bMcGraw-Hill, _cc1997. |
||
| 300 |
_ax, 468 p. : _bill. ; _c28 cm. |
||
| 490 | 1 | _aSchaum's outlines | |
| 500 | _aIncludes index. | ||
| 650 | 0 | _aElectric circuits | |
| 700 | 1 | _aNahvi, Mahmood. | |
| 830 | 0 | _aSchaum's outline series. | |
| 942 |
_cBK _k621.3815 EDM |
||
| 999 |
_c9589 _d9589 |
||